[Event "Your Next Move GCT 2018-Blitz"]
[Site "Leuven"]
[Date "2018.06.15"]
[Round "9"]
[White "Karjakin, Sergey"]
[Black "Mamedyarov, Shakhriyar"]
[Result "1-0"]
[WhiteElo "2816"]
[BlackElo "2757"]
[Annotator "TA"]
[PlyCount "143"]
[EventDate "2018.06.16"]
[EventType "tourn"]
[EventCountry "BEL"]
[SourceTitle "playchess.com"]
[Source "ChessBase"]
[SourceQuality "1"]

{[%evp 13,143,-6,-11,-13,-18,-19,-22,-46,-19,-20,-17,-34,-37,-35,37,30,39,14,2,0,3,0,2,0,14,-9,0,-33,-27,-198,-22,-29,-27,-23,0,-19,-15,-21,0,0,13,-14,-8,-25,7,0,0,-9,-8,-21,0,0,0,-15,3,0,0,0,11,11,23,18,243,125,116,123,170,165,232,221,221,221,234,210,218,209,218,215,209,200,247,249,309,275,405,411,482,477,599,595,575,567,520,472,582,460,541,534,533,536,763,820,781,781,752,714,703,695,1387,453,822,778,770,428,514,77,91,70,1500,180,180,180,770,759,2650,2063,29970,29974,29966,29967,29967,29968]} 1. e4 e5 2. Nf3 Nc6 3. Bc4 Nf6 4. d3 h6 5. O-O d6 6. c3 g5 {[%cal Bg7g5,Bg5g4][%mdl 32] C55: Two Knights: 4 d3, 4 d4 exd4 5 e5 and Max Lange Attack} (6... g6 7. Re1 Bg7 8. Nbd2 O-O 9. Bb3 Re8 10. Nf1 Be6 11. h3 d5 12. Ng3 Qd7 13. Ba4 Nh7 14. d4 exd4 15. Nxd4 Rad8 16. Be3 dxe4 17. Nxc6 bxc6 18. Nxe4 {½-½ (33) Anand,V (2782)-Ponkratov,P (2613) Riadh 2017}) 7. d4 g4 {LiveBook: 6 Games} 8. Nfd2 {[%cal Bf3d2,Bd2f1,Bf1g3][%mdl 32]} exd4 $146 {The position is equal.} ({Predecessor:} 8... Bg7 9. f4 exd4 10. cxd4 Nxe4 11. Nxe4 d5 12. f5 dxe4 13. d5 Ne5 14. Nc3 {1-0 (34) Bologan,V (2610)-Sutovsky,E (2647) Poikovsky 2018}) 9. cxd4 Nxd4 10. Re1 Bg7 11. Nf1 Nc6 12. Nc3 Ne5 13. Bb3 O-O (13... h5 $15) 14. Ng3 $14 {[%mdl 1024] White has compensation.} Re8 15. Bf4 Nh7 16. Qd2 Ng5 $36 {[%mdl 2048] Black has good play.} 17. Kh1 Be6 18. Nd5 Ng6 19. Be3 c6 20. Nc3 (20. Bxg5 $5 hxg5 21. Ne3 $15) 20... Ne5 21. Rad1 $2 {[#]} (21. Qe2 $11 {and White has nothing to worry.}) 21... Qe7 $2 (21... Ngf3 $1 $19 {[%cal Rf3d2][%mdl 512]} 22. gxf3 Nxf3) 22. Qxd6 $11 Qxd6 23. Rxd6 Rad8 24. Red1 Rxd6 25. Rxd6 b6 26. Nh5 c5 27. Nxg7 Kxg7 28. Kg1 Kf8 29. Bf4 Bxb3 30. axb3 Ng6 31. Be3 Nxe4 32. Bxh6+ Kg8 33. Rd1 Nd6 34. Nd5 {Threatens to win with Nf6+.} Re6 35. Kf1 Nf5 36. Bd2 Nge7 37. Bc3 Kf8 $2 {[#]} (37... Nxd5 $11 {and Black is okay.} 38. Rxd5 Ne7 39. Rg5+ Rg6) 38. Nf6 (38. Nxb6 $1 $18 {[%cal Rd1d8][%mdl 512]} Ke8 (38... axb6 39. Rd8#) 39. Nd7) 38... Nd4 $16 39. Nxg4 Nec6 {[#]} 40. b4 $1 {[%mdl 512]} Nb5 (40... Nb3 $142) (40... cxb4 41. Bxd4) 41. bxc5 $18 Nxc3 42. bxc3 bxc5 {[%mdl 4096] Endgame KRN-KRN} 43. Ne3 a5 44. Ra1 Re7 45. Ke2 Ra7 46. Ra4 Ke7 47. h4 {[%cal Bh2h4,Bh4h5][%mdl 32]} Kd6 48. h5 Ne5 (48... Ne7 {was necessary.} 49. h6 Ra8 50. Rxa5 Rxa5) 49. f4 Nd7 50. Nc4+ Ke6 51. g4 Nf6 52. Kf3 Rd7 53. Ne5 Rd1 54. Ke2 Rg1 55. Kf2 Rc1 56. Rxa5 Rxc3 {and the idea ...Ne4+ leaves Black hopeful.} 57. Ra6+ Ke7 58. h6 Ne4+ 59. Ke2 Rh3 60. g5 f6 61. Nf3 (61. g6 $142) 61... c4 (61... fxg5 $142 62. Nxg5 Nxg5) 62. Ke3 Nd6 63. Kf2 Ne4+ {[#]} 64. Ke2 $2 (64. Kg2 $1 $18 {[%cal Rg2h3] and the rest is easy.} Rh5 {[#]} 65. h7 $1 {[%mdl 512]} fxg5 66. Ra8) 64... c3 $16 65. Rc6 {Rc4 is the strong threat.} Kf7 $2 {[%mdl 8192]} (65... fxg5 $14 66. Nxg5 (66. fxg5 c2 $14) 66... Rh2+ 67. Kd3 Kd7) 66. Rc4 $2 (66. gxf6 {White wants to mate with Ne5+.} Ke8 67. Ne5 Rh2+ 68. Kd1 Rh1+ 69. Kc2 Rh2+ 70. Kb3 Nxf6 71. Rxf6) 66... c2 $18 67. Rxc2 {Hoping for Rc4.} Ng3+ $2 (67... fxg5 68. fxg5 Kg6 69. Rc6+ Kf5) 68. Kf2 Nh5 69. Rc4 Kg6 {[#]} 70. f5+ $1 {White mates.} Kxf5 71. Nh4+ Kxg5 72. h7 {Precision: White = 53%, Black = 32%.} 1-0

[Event "Your Next Move GCT 2018-Blitz"]
[Site "Leuven"]
[Date "2018.06.15"]
[Round "9"]
[White "Aronian, Levon"]
[Black "Caruana, Fabiano"]
[Result "1-0"]
[WhiteElo "2809"]
[BlackElo "2818"]
[Annotator "TA"]
[PlyCount "41"]
[EventDate "2018.06.16"]
[EventType "tourn"]
[EventCountry "BEL"]
[SourceTitle "playchess.com"]
[Source "ChessBase"]
[SourceQuality "1"]

{[%evp 16,41,89,86,108,103,90,83,111,96,92,40,38,0,54,0,270,174,243,180,331,333,625,628,617,613,599,574]} 1. e4 c5 2. Nc3 e6 3. Nf3 a6 4. d4 cxd4 5. Nxd4 Qc7 6. g3 Nf6 7. Bg2 Bb4 {B43: Sizilianisch (Paulsen-Variante)} 8. O-O Bxc3 9. bxc3 {LiveBook: 4 Partien} d6 {[#]Weiß steht besser.} 10. Ba3 $1 O-O 11. e5 $1 dxe5 12. Bxf8 Kxf8 13. Nb3 (13. Nf3 $16) 13... Bd7 $14 {[#]} 14. Na5 $146 {Droht Tb1 und aus.} ({Vorgänger:} 14. c4 Bc6 15. c5 Bxg2 16. Kxg2 {½-½ (38) Yankovsky,R (2568)-Aldama Degurnay,D (2570) Agoura Hills 2012}) 14... Ra7 (14... Nc6 $11 15. Nb3 Ne7) 15. Nxb7 ({Lieber} 15. c4 $14) 15... Ke7 $2 {[%mdl 8192]} (15... Bb5 $1 $11 {und Schwarz ist OK.}) 16. Rb1 {Und Dc1 würde nun gewinnen.} Bb5 (16... e4 $142) 17. Re1 ({Jedoch nicht} 17. c4 $6 Bxc4 18. Qd2 Bxf1 $16) 17... Nbd7 $2 (17... e4 {war angesagt.}) 18. Qc1 $18 {Droht stark Da3+.} Nd5 $2 (18... Nc5 19. Qa3 Rxb7) 19. Qa3+ {Weiß steht klar auf Gewinn.} Kf6 20. Bxd5 exd5 {[#]} 21. Rxb5 $1 {[%mdl 512] Precision: Weiß = 48%, Schwarz = 31%.} 1-0

[Event "Your Next Move GCT 2018-Blitz"]
[Site "Leuven"]
[Date "2018.06.16"]
[Round "10"]
[White "Nakamura, Hikaru"]
[Black "Giri, Anish"]
[Result "1-0"]
[WhiteElo "2878"]
[BlackElo "2799"]
[Annotator "TA"]
[PlyCount "45"]
[EventDate "2018.06.16"]
[EventType "tourn"]
[EventCountry "BEL"]
[SourceTitle "playchess.com"]
[Source "ChessBase"]
[SourceQuality "1"]

{[%evp 9,45,7,29,21,36,26,100,89,89,82,76,102,112,107,101,101,113,58,58,67,62,69,139,121,133,110,123,93,96,95,93,89,88,91,408,414,401,413]} 1. Nf3 Nf6 2. b3 g6 3. Bb2 Bg7 4. e3 O-O 5. d4 c5 6. dxc5 {A48: 1 d4 Nf6 2 Nf3 g6: Torre, London and Colle Systems} (6. d5 b5 7. Be2 Qa5+ 8. c3 Bb7 9. a4 Nxd5 10. axb5 Qb6 11. O-O a6 12. bxa6 Nxa6 13. Qc2 Nab4 {½-½ (84) Nakamura,H (2785)-Grischuk,A (2761) Paris 2017}) 6... Qa5+ 7. c3 {[%cal Bc2c3,Bc3c4][%mdl 32]} Re8 $146 (7... Qxc5 $11 {remains equal.} 8. Ba3 Qd5) ({Predecessor:} 7... Qc7 8. b4 a5 9. Na3 Nc6 10. Qb3 axb4 11. cxb4 Nxb4 12. Qxb4 Nd5 13. Qd2 Bxb2 14. Qxb2 {½-½ (50) Pourramezanali,A (2538)-Daghli,A (2332) Bandar e Anzali 2018}) 8. b4 $16 {White is better.} Qc7 9. c4 a5 10. a3 {[%cal Ba2a3,Ba3b4][%mdl 32]} axb4 11. axb4 Rxa1 12. Bxa1 Na6 {[#]} 13. Be5 ({White should play} 13. Bc3 $1 $16) 13... d6 $14 14. cxd6 exd6 15. Bc3 ({Don't play} 15. Qxd6 Qxd6 16. Bxd6 Ne4 $11) 15... Nh5 (15... Ne4 $14 16. Bxg7 Kxg7) 16. Bxg7 $16 Nxg7 17. b5 $36 {[%mdl 2048] White has strong initiative.} Qa5+ 18. Nbd2 Nc5 {[%cal Ba6c5,Bc5e4,Be4c3][%mdl 32]} 19. Be2 Ne4 20. O-O {And now Nxe4 would win.} Nc3 {[#]} 21. Qe1 $1 Ne6 $2 {[%mdl 8192] [#]} (21... Qa3 $16 {is tougher.}) 22. Ne4 $1 $18 {[%mdl 512]} Nxe2+ (22... Nxe4 23. Qxa5) 23. Qxe2 {Precision: White = 82%, Black = 35%.} 1-0

[Event "Your Next Move GCT 2018-Blitz"]
[Site "Leuven"]
[Date "2018.06.16"]
[Round "10"]
[White "Grischuk, Alexander"]
[Black "Vachier-Lagrave, Maxime"]
[Result "0-1"]
[WhiteElo "2831"]
[BlackElo "2837"]
[Annotator "TA"]
[PlyCount "122"]
[EventDate "2018.06.16"]
[EventType "tourn"]
[EventCountry "BEL"]
[SourceTitle "playchess.com"]
[Source "ChessBase"]
[SourceQuality "1"]

{[%evp 16,122,-12,-37,0,0,0,12,16,25,22,0,1,16,81,41,46,52,59,38,70,58,63,20,15,25,7,10,9,0,27,0,0,0,0,0,0,0,0,0,0,-11,0,-14,-13,-14,0,0,0,0,0,-44,-28,-66,-66,-71,-59,-59,-59,-59,-59,-68,-65,-68,-62,-64,-61,-56,-28,-32,0,0,11,12,35,0,0,0,0,-1,-4,-88,-64,-29968,-29969,-29969,-29970,-29969,-29970,-29973,-29974,-29973,-29974,-29974,-29974,-29974,-29975,-29980,-29981,-29982,-29983,-29983,-29983,-29983,-29984,-29984,-29978,-29997,-29985]} 1. e4 c5 2. Nc3 d6 3. f4 g6 4. Nf3 Bg7 5. Bc4 e6 6. O-O Ne7 7. d3 Nbc6 8. a3 O-O 9. Ba2 {LiveBook: 7 Games} Rb8 {B23: Closed Sicilian: Lines without g3} (9... Nd4 10. Kh1 Bd7 11. Bd2 Nec6 12. Ng5 h6 13. Nh3 b5 14. Rc1 a5 15. Nb1 b4 16. c3 b3 17. Bxb3 Nxb3 18. Qxb3 {0-1 (60) Short,N (2655)-Karjakin,S (2727) Kiev 2008}) 10. Qe1 Nd4 11. Nxd4 cxd4 $146 {The position is equal.} ({Predecessor:} 11... Bxd4+ 12. Be3 Bg7 13. Rb1 b5 14. Ne2 f5 15. Ng3 Qc7 16. Bd2 d5 17. Bc3 {1-0 (31) Kleehammer,O (1911)-Seickel,R (2047) Wiesbaden 2017}) 12. Ne2 Bd7 13. Bd2 Rc8 14. Bb3 Qb6 (14... Nc6 $11 {keeps the balance.}) 15. Kh1 Rfe8 16. a4 {[%cal Ba3a4,Ba4a5][%mdl 32]} d5 17. a5 Qc5 18. Bb4 Qc7 $1 19. Bxe7 Rxe7 20. e5 f6 21. exf6 Bxf6 22. Ng1 Kg7 23. Qd2 e5 24. fxe5 Rxe5 ({Of course not} 24... Qxe5 $6 25. Qb4 $16) 25. Qf4 Rf5 26. Qxc7 Rxc7 27. Rxf5 Bxf5 28. Nf3 Rc5 29. h3 h5 30. Ra4 Bd7 31. Rb4 Bc6 32. a6 bxa6 {Strongly threatening ...a5.} 33. Nxd4 a5 34. Rb7+ Bxb7 35. Ne6+ {[#]} Kh6 $1 36. Nxc5 $15 {[%mdl 4096] Endgame KBB-KBN} Ba8 37. c3 d4 $1 {[%cal Rd4c3]} 38. c4 Kg5 $1 39. Ne6+ Kf5 40. Nc7 Bc6 41. Kg1 a4 42. Bd1 Bg5 43. Nb5 $1 {[%cal Rb5d4]} Ke5 {...a6 is the strong threat.} 44. Nxa7 Bd7 $1 45. Nb5 Bf5 46. Bxa4 Be3+ 47. Kh2 Bxd3 48. Na3 (48. c5 $1 $11) 48... Bc1 $17 49. Bc2 $2 {[%mdl 8192] [#]} (49. c5 $15) 49... Bxc2 {Black mates.} 50. Nxc2 {KB-KN} d3 51. Ne1 d2 52. Nf3+ Kf4 53. Nxd2 Bxd2 {KB-KP} 54. c5 Be3 55. c6 Bb6 56. b4 h4 57. b5 g5 58. Kh1 Kg3 59. c7 Bxc7 60. b6 Bb8 61. b7 Ba7 {Precision: White = 54%, Black = 59%.} 0-1

[Event "Your Next Move GCT 2018-Blitz"]
[Site "Leuven"]
[Date "2018.06.16"]
[Round "10"]
[White "Anand, Viswanathan"]
[Black "Caruana, Fabiano"]
[Result "1-0"]
[WhiteElo "2817"]
[BlackElo "2818"]
[Annotator "TA"]
[PlyCount "103"]
[EventDate "2018.06.16"]
[EventType "tourn"]
[EventCountry "BEL"]
[SourceTitle "playchess.com"]
[Source "ChessBase"]
[SourceQuality "1"]

{[%evp 25,103,0,0,-12,-15,-16,-18,-18,0,-14,-5,-54,22,0,0,0,34,28,28,33,31,31,37,50,45,14,74,56,124,131,212,212,193,198,212,208,211,198,189,199,416,414,400,400,373,335,502,538,361,466,450,510,419,437,424,427,564,607,572,568,588,576,622,608,706,524,564,560,529,497,495,407,547,545,479,430,12837,12837,12845,12846]} 1. e4 e5 2. Nf3 Nc6 3. Bb5 a6 4. Ba4 Nf6 5. d3 d6 6. c3 g6 7. O-O Bg7 8. Nbd2 O-O 9. Re1 Nd7 10. Nf1 Nc5 11. Bxc6 {C77: Ruy Lopez: 3...a6 4 Ba4 Nf6, unusual lines} bxc6 12. d4 exd4 13. cxd4 Ne6 {LiveBook: 7 Games} (13... Nd7 14. Bg5 Qe8 15. Rc1 Bb7 16. Ng3 Qe6 17. d5 cxd5 18. Rxc7 Nc5 {1-0 (31) Naiditsch,A (2702)-Hansen,S (2580) Germany 2018}) 14. Ng3 {[#]} c5 $146 {[%cal Rc5d4]} ({Predecessor:} 14... Rb8 15. Rb1 c5 16. Be3 cxd4 17. Nxd4 Bb7 18. b3 Nc5 {½-½ (49) Narayanan,S (2310)-Halkias,S (2579) Dubai 2011}) 15. dxc5 Nxc5 16. Bg5 Qe8 17. Qd2 Bg4 18. Bh6 Bxf3 (18... Bxh6 $15 19. Qxh6 Bxf3 20. gxf3 Qe5) 19. Bxg7 $11 Kxg7 20. gxf3 {[%cal Bg2f3,Bf3f4,Bf4f5][%mdl 32]} Qe6 21. f4 $36 {[%mdl 2048] Black is under pressure.} a5 22. f5 Qf6 23. Rac1 Rfe8 24. f4 {[%cal Bf2f4,Bf4f5][%mdl 32]} Rad8 25. Kh1 Kh8 (25... Kf8 $11 {keeps the balance.}) 26. b3 $16 h5 (26... Kg8 $14) 27. fxg6 $1 (27. Qxa5 Nd3 $15) 27... fxg6 (27... Qxg6 $16 {keeps fighting.} 28. f5 (28. Qxa5 h4 $11) 28... Qh7) 28. f5 $1 $18 Kh7 29. Rg1 $1 (29. Qxa5 $6 h4 $16) 29... Rg8 30. Rcf1 $1 {Hoping for fxg6+.} ({But not} 30. Qxa5 $6 h4) 30... Rdf8 31. e5 ({Much less strong is} 31. Qxa5 $6 Qe7 $14) 31... dxe5 32. Qd5 Qe7 $2 (32... h4 {was called for.}) 33. fxg6+ Rxg6 34. Rxf8 Qxf8 35. Rf1 $1 {[%cal Rf1f8]} Qd6 (35... Qe8 {was worth a try.} 36. Qxc5 Qc6+ 37. Qxc6 Rxc6 38. Nxh5 Kg6) 36. Qf7+ Rg7 {[#]} 37. Qxg7+ $1 ({Less strong is} 37. Qxh5+ Kg8 $14) 37... Kxg7 38. Nf5+ Kg6 39. Nxd6 cxd6 {[%mdl 4096] Endgame KR-KN} 40. Rd1 Ne4 41. Kg2 Kf5 42. Rd5 Ke6 43. Rxa5 d5 44. b4 {[%cal Bb3b4,Bb4b5,Bb5b6,Bb6b7][%mdl 32]} d4 45. Kf3 Nc3 {intending ...e4+.} 46. b5 e4+ 47. Kf4 e3 {[#] Threatens to win with ...e2.} 48. Kf3 $1 e2 49. Kf2 {White is clearly winning.} d3 {( -> ...d2)} 50. Ke1 Kd5 (50... Nd5 $142 51. Ra8 Nb4) 51. b6+ Kd4 52. b7 {Precision: White = 80%, Black = 47%.} 1-0

[Event "Your Next Move GCT 2018-Blitz"]
[Site "Leuven"]
[Date "2018.06.16"]
[Round "10"]
[White "Karjakin, Sergey"]
[Black "So, Wesley"]
[Result "1-0"]
[WhiteElo "2816"]
[BlackElo "2856"]
[Annotator "TA"]
[PlyCount "129"]
[EventDate "2018.06.16"]
[EventType "tourn"]
[EventCountry "BEL"]
[SourceTitle "playchess.com"]
[Source "ChessBase"]
[SourceQuality "1"]

{[%evp 10,129,-2,-25,-17,-22,-18,-22,-12,-29,-29,-35,-24,-33,-25,-8,-6,-12,-16,-20,-26,-7,-7,-32,-2,-3,3,17,56,62,52,49,57,45,56,58,57,64,46,41,44,42,43,37,68,43,52,7,29,19,80,83,86,80,83,83,83,77,70,65,71,69,107,0,77,68,99,88,84,59,97,126,140,140,216,214,218,208,208,206,419,395,409,405,546,538,508,487,681,650,854,830,804,822,803,751,887,848,29970,29972,29970,29972,29975,29976,29978,29979,29980,29979,29980,29981,29985,29979,29979,29980,29979,29980,29982,29982,29989,29990,29990,29989]} 1. b3 e5 2. Bb2 Nc6 3. e3 Nf6 4. c4 d5 5. cxd5 Nxd5 6. Nc3 {LiveBook: 6 Games. A01: Nimzowitsch-Larsen Opening} (6. a3 Bd6 7. Qc2 O-O 8. Nf3 Qe7 9. d3 f5 10. Nbd2 Bd7 11. Be2 a5 12. O-O Kh8 13. Rfd1 f4 14. e4 Nf6 15. h3 Be8 16. Rdc1 Bh5 17. Nc4 {½-½ (31) Bauer,C (2631)-Kravtsiv,M (2636) Cappelle-la-Grande 2016}) 6... Nxc3 7. Bxc3 Bd6 8. Bb5 {The position is equal.} O-O 9. Ne2 $146 ({Predecessor:} 9. Qb1 Qg5 10. Bf1 Re8 11. a3 Nd4 12. Nf3 Qf6 13. Be2 Bf5 {0-1 (99) Klementev,O (2255)-Marchenko,A (2152) Dnipropetrovsk 2007}) 9... Ne7 10. Ng3 c6 11. Bc4 Nd5 12. Bb2 Qe7 13. O-O Nb6 14. Be2 f5 15. Qc2 Be6 16. Rfe1 Rad8 17. e4 f4 18. Nf5 Qd7 {[%cal Re6f5]} 19. Nxd6 Qxd6 20. Qc3 Nd7 21. d4 exd4 22. Qxd4 Qxd4 23. Bxd4 c5 24. Bc3 Nb8 25. Red1 Nc6 26. f3 Kf7 27. Kf2 g5 28. h4 Rxd1 29. Rxd1 h6 (29... gxh4 $11 30. Rh1 h3) 30. g3 $16 fxg3+ 31. Kxg3 Rd8 32. Rxd8 Nxd8 {[%mdl 4096] Endgame KBB-KBN} 33. f4 gxf4+ 34. Kxf4 Nc6 35. Bh5+ Kf8 36. Be2 Kf7 $1 37. h5 a6 38. Bd2 b5 39. Be3 c4 {[#]} 40. bxc4 $1 bxc4 41. Bd2 a5 {[#]} (41... Nd4 $16 42. Bd1 Nc6) 42. a3 $1 $18 Nd4 43. Bd1 Nb3 44. Bc3 a4 $2 (44... Kf8 45. Bf3 Kf7) 45. Ke5 Nc5 46. Bd2 Nb3 47. Bxh6 c3 48. Be3 Na5 49. Kd4 Bb3 50. Be2 c2 51. Kc3 Nc6 52. Bd3 Ne5 53. Bxc2 Bxc2 54. Kxc2 {KB-KN. White mates.} Nc4 55. Bc1 Kf6 56. Kd3 Nd6 57. Kd4 Nb5+ 58. Kc4 Nd6+ 59. Kd5 Nb5 60. Kc5 Nc7 61. Kc6 Ne6 62. h6 Nd4+ 63. Kd5 Nb3 64. e5+ {[%cal Be4e5,Be5e6][%mdl 32]} Kg6 65. e6 {Precision: White = 72%, Black = 45%.} 1-0

[Event "Your Next Move GCT 2018-Blitz"]
[Site "Leuven"]
[Date "2018.06.16"]
[Round "10"]
[White "Aronian, Levon"]
[Black "Mamedyarov, Shakhriyar"]
[Result "1/2-1/2"]
[WhiteElo "2809"]
[BlackElo "2757"]
[Annotator "TA"]
[PlyCount "66"]
[EventDate "2018.06.16"]
[EventType "tourn"]
[EventCountry "BEL"]
[SourceTitle "playchess.com"]
[Source "ChessBase"]
[SourceQuality "1"]

{[%evp 10,66,34,27,37,-3,-10,-5,-9,-10,-8,-12,0,0,-8,-18,-18,-20,-11,-26,-24,-6,0,-1,17,14,44,-6,65,7,0,-41,-47,-50,-49,-65,58,51,61,67,49,69,58,71,120,100,137,94,100,94,94,101,88,91,90,0,0,0,94]} 1. e4 e5 2. Nf3 Nc6 3. Bc4 Nf6 4. d3 h6 5. O-O d6 6. Nc3 {LiveBook: 9 Games. C55: Two Knights: 4 d3, 4 d4 exd4 5 e5 and Max Lange Attack} (6. Re1 g6 7. d4 Bg4 8. Bb5 Nd7 9. Bxc6 bxc6 10. Nbd2 Bg7 11. h3 Be6 12. Nf1 exd4 13. Nxd4 c5 14. Nf5 {1-0 (42) Karjakin,S (2760)-Short,N (2678) Riadh 2017}) 6... Na5 7. Bb5+ $146 ({Predecessor:} 7. Bb3 Nxb3 8. axb3 Be7 9. Be3 c5 10. Re1 O-O 11. h3 b6 12. Qd2 Nh7 13. Kh2 f5 {0-1 (52) Gaedeken,A (1188)-Gawollek,H (1410) Verden 2016}) 7... c6 8. Ba4 b5 9. Bb3 Be7 10. Ne2 O-O 11. Ng3 Re8 12. Bd2 Bf8 13. Re1 Qc7 14. Bxa5 Qxa5 15. a4 Qb6 16. Nh4 d5 17. axb5 dxe4 18. bxc6 exd3 (18... Bg4 $11 19. Qd2 exd3) 19. Qxd3 (19. Nh5 $14 Ng4 20. Qf3 Qxf2+ 21. Qxf2 Nxf2 22. Kxf2) 19... Bc5 $11 20. Rf1 e4 $1 {[%cal Re4d3]} 21. Qc3 {[#] aiming for Ngf5.} e3 22. Nhf5 ({But not} 22. Qc4 $2 Be6 $19) 22... exf2+ ({Better is} 22... e2 $15 23. Nxh6+ gxh6 24. Nxe2 Ng4) 23. Kh1 $14 {And now Nxg7! would win.} Be6 {[#]} 24. Nxh6+ $1 {[%mdl 512]} Kf8 (24... gxh6 25. Qxf6) 25. Nhf5 Bxb3 26. cxb3 {Threatens to win with Ra4.} Rac8 27. Nxg7 $1 Bd4 28. Qd2 Be3 29. Qd6+ Kxg7 30. Nf5+ Kg6 31. Nh4+ {[%mdl 1024] White has strong compensation.} Kg7 {Hoping for ...Qc5.} 32. Nf5+ Kg6 33. Nh4+ Kg7 {Precision: White = 67%, Black = 55%.} 1/2-1/2

[Event "Your Next Move GCT 2018-Blitz"]
[Site "Leuven"]
[Date "2018.06.16"]
[Round "11"]
[White "So, Wesley"]
[Black "Aronian, Levon"]
[Result "1/2-1/2"]
[WhiteElo "2856"]
[BlackElo "2809"]
[Annotator "TA"]
[PlyCount "75"]
[EventDate "2018.06.16"]
[EventType "tourn"]
[EventCountry "BEL"]
[SourceTitle "playchess.com"]
[Source "ChessBase"]
[SourceQuality "1"]

{[%evp 16,75,30,30,19,22,40,20,41,27,27,27,29,29,29,33,31,30,70,70,70,70,116,70,70,70,70,70,78,65,66,76,98,98,103,57,62,37,98,77,80,0,114,58,67,62,97,65,40,0,45,7,9,0,17,5,3,0,14,0,15,0]} 1. Nf3 Nf6 2. c4 g6 3. Nc3 d5 4. cxd5 Nxd5 5. e4 Nxc3 6. dxc3 Qxd1+ 7. Kxd1 f6 8. Be3 e5 9. Nd2 {[%cal Bf3d2,Bd2b3,Bb3c5,Bc5d3][%mdl 32]} Nd7 {A16: English Opening: 1...Nf6 with ...d5} (9... Be6 10. Bc4 Kf7 11. Kc2 Be7 12. Rad1 Rd8 13. Bxe6+ Kxe6 14. Nc4 Rxd1 15. Rxd1 Nc6 16. a4 a5 17. f4 h5 18. Rf1 exf4 19. Bxf4 {½-½ (33) Topalov,V (2816)-Giri,A (2793) Saint Louis 2015}) 10. Nb3 h5 11. f3 Nb6 $146 ({Predecessor:} 11... Bh6 12. Bf2 b6 13. a4 a5 14. Kc2 Ke7 15. Bc4 Nf8 16. Nd2 Ne6 17. Nf1 {0-1 (91) Istratescu,A (2606)-Goloshchapov,A (2543) Dubai 2002}) 12. Kc2 Bd7 13. Nc5 Bc6 14. b3 Bh6 15. Bxh6 Rxh6 16. a4 Ke7 17. Bb5 Nd7 $1 {[%cal Rd7c5]} 18. Nd3 $1 $36 {[%mdl 2048] White is more active.} Nb8 19. Nb4 a5 20. Bxc6 bxc6 21. Nd3 Nd7 22. Rhd1 Rhh8 23. Rd2 Rhd8 24. Rad1 Nb6 25. Nc5 {Black must now prevent Rxd8.} Rd6 26. h4 Ra7 ({Better is} 26... Nd7 $14 27. Nd3 (27. Nxd7 Kxd7 28. g4 Rb8 $14) 27... c5) 27. Nd3 Ra8 28. Nc5 Ra7 29. g3 (29. g4 $16) 29... Nd7 $14 30. Nd3 Rb7 31. Ra1 c5 32. Nb2 Nb6 33. Rad1 Rb8 {The position is equal.} 34. Rd3 Rg8 35. Rh1 Rgd8 36. Rhd1 Rg8 37. Rh1 Rgd8 38. Rhd1 {Precision: White = 53%, Black = 50%.} 1/2-1/2

[Event "Your Next Move GCT 2018-Blitz"]
[Site "Leuven"]
[Date "2018.06.16"]
[Round "11"]
[White "Vachier-Lagrave, Maxime"]
[Black "Giri, Anish"]
[Result "1/2-1/2"]
[WhiteElo "2837"]
[BlackElo "2799"]
[Annotator "TA"]
[PlyCount "103"]
[EventDate "2018.06.16"]
[EventType "tourn"]
[EventCountry "BEL"]
[SourceTitle "playchess.com"]
[Source "ChessBase"]
[SourceQuality "1"]

{[%evp 21,103,0,0,0,0,0,0,0,68,64,68,63,57,67,71,57,66,58,79,71,91,65,91,36,56,38,35,30,56,55,50,10,18,15,18,4,37,0,12,-90,-82,-107,62,68,21,19,53,26,38,0,0,-21,-20,-40,-18,-203,-202,-177,-47,-42,-36,-20,-18,-50,-56,-47,0,0,0,0,0,-6,0,0,0,-20,0,0,0,0,0,0,0,0]} 1. e4 e5 2. Nf3 Nc6 3. Bc4 Bc5 4. c3 Nf6 5. d3 O-O 6. O-O d5 7. exd5 Nxd5 8. Nbd2 Bg4 9. Re1 Nb6 10. Bb5 Bd6 11. h3 Bh5 12. Ne4 {C55: Two Knights: 4 d3, 4 d4 exd4 5 e5 and Max Lange Attack} f5 13. Ng3 Bxf3 14. Qxf3 Ne7 (14... Qd7 $1 $11) (14... Qd7 15. Bd2 a6 16. Bxc6 Qxc6 17. Qxc6 bxc6 18. c4 Na4 19. Bc1 Rad8 {½-½ (52) Nepomniachtchi,I (2751)-Karjakin,S (2773) Saint Louis 2017}) 15. Qxb7 $14 c6 $146 ({Predecessor:} 15... Ng6 16. Qf3 Nh4 17. Qd1 Qf6 18. Qh5 h6 19. a4 a5 {1-0 (29) Vajda,L (2603)-Lekic,D (2411) Basel 2013}) 16. Bc4+ ({Not} 16. Bxc6 Rb8 $17) 16... Nxc4 17. Qb3 Kh8 {White must now prevent ...Nb6.} 18. Qxc4 Qd7 19. Bd2 Nd5 20. Rad1 Bc7 21. Qh4 Rae8 22. c4 (22. Nf1 $16) 22... Ne7 23. Bc3 Ng6 24. Qh5 c5 25. Qf3 Rd8 26. b4 cxb4 $1 27. Bxb4 Rf7 28. Bc3 Rdf8 29. Bb4 Rd8 30. Bc5 (30. Bd2 $11) 30... Ba5 $17 {Hoping for ...Qc7.} 31. Rf1 Bb6 $2 (31... Nh4 $1 $17 {[%cal Rh4f3]} 32. Qd5 Qxd5 33. cxd5 Rxd5) 32. Bxb6 axb6 33. Rfe1 Qa7 34. d4 exd4 35. Qc6 Rff8 $1 36. Rd2 Qa5 $36 {[%mdl 2048] Black is more active.} 37. Red1 f4 {[%cal Bf5f4,Bf4f3][%mdl 32]} 38. Ne4 $2 {[#]} (38. Nf1 $11) 38... f3 $1 $19 39. Qb5 {[#]} Qxb5 ({Black should play} 39... Qa8 $1 $19 {[%cal Ra8e4]} 40. Ng5 fxg2) 40. cxb5 $15 Nf4 41. gxf3 d3 42. Kh2 Rd5 43. a4 Rd4 44. Ra1 {The position is equal.} h6 45. a5 bxa5 46. Rxa5 Rb8 47. Kg3 Ne2+ 48. Kg2 Rd5 49. Kh2 Nf4 50. Kg3 Ne2+ 51. Kh2 $1 Nf4 52. Kg3 {Precision: White = 47%, Black = 50%.} 1/2-1/2